000 00742nam a2200229 i 4500
001 145550
003 ES-MaACL
005 20260115175402.0
007 t|
008 071015s1960 sp ||||1| cat d
080 _a946.52"11/12"
100 1 _aVentura, Jordi.
_9113919
245 1 0 _aPere el Católic i Simó de Montfort /
_cJordi Ventura ; próleg de Martí de Riquer.
260 _aBarcelona :
_bAedos,
_c1960.
300 _a342 p. :
_bil. ;
_c22 cm.
490 1 _aBiblioteca biográfica catalana
650 4 _aCátaros-
_vHistoria.
_910842
700 1 _aRiquer, Martín de,
_d1914-2013
_9240061
830 0 0 _aBiblioteca biográfica catalana
_9181786
852 _aES-MaACL
_jC-19570
_bR.47147
999 _c145550
_d145550